Study of the Effect of Added Solvent on the Tyrosol Glycoside Synthesis

Saved in:
Bibliographic Details
Main Author: Koššuthová, Alžbeta (Author)
Other Authors: Antošová, Monika (Thesis advisor)
Format: Manuscript Book
Language:Slovak
English
Published: 2023
Subjects:
Online Access:http://is.stuba.sk/zp/portal_zp.pl?podrobnosti=169507
Tags: Add Tag
No Tags, Be the first to tag this record!

MARC

LEADER 00000ntm a22000003a 4500
001 stuzp93363
003 SK-STU
005 20230909214803.7
007 ta
008 150427s2015----xo-----f-mn---000-0-slo-d
040 |a STU  |b slo 
041 0 |a eng 
100 1 |a Koššuthová, Alžbeta  |u 046230  |k Z3  |4 aut  |U FCHPT Ústav chemického a environmentálneho inžinierstva  |T FCHPT Oddelenie chemického a biochemického inžinierstva  |X 97296  |U C6230  |Y 119  |7 97296 
242 0 1 |a Štúdia vplyvu pridaného rozpúšťadla na syntézu glykozidu tyrozolu  |y slo 
245 1 0 |a Study of the Effect of Added Solvent on the Tyrosol Glycoside Synthesis 
260 |c 2023 
650 4 |a tyrozol  |2 slo 
650 4 |a transglykozylácia  |2 slo 
650 4 |a -galaktozidáza  |2 slo 
650 4 |a hlboko eutektické rozpúšťadlá  |2 slo 
650 4 |a enzýmová syntéza glykozidov  |2 slo 
650 4 |a tyrosol  |2 eng 
650 4 |a transglycosylation  |2 eng 
650 4 |a -galactosidase  |2 eng 
650 4 |a deep eutectic solvents  |2 eng 
650 4 |a enzymatic synthesis of glycosides  |2 eng 
700 1 |a Antošová, Monika  |u 046230  |k Z1  |4 ths  |U FCHPT Ústav chemického a environmentálneho inžinierstva  |T FCHPT Oddelenie chemického a biochemického inžinierstva  |X 3930  |U C6230  |Y 119  |7 A000003930 
856 4 |u http://is.stuba.sk/zp/portal_zp.pl?podrobnosti=169507